| 000 | 00578 a2200217 4500 | ||
|---|---|---|---|
| 003 | 436112 | ||
| 005 | 20251110114114.0 | ||
| 008 | 251110b |||||||| |||| 00| 0 eng d | ||
| 022 | _a232344556 | ||
| 040 |
_c Nile University of Nigeria, Abuja. _erda |
||
| 050 | _a K 60 B4 | ||
| 082 | _a K 60 B4 | ||
| 245 | _a UNIVERSITY OF BENIN JOURNAL OF BUSINESS LAW | ||
| 250 | _avol1,No.1 | ||
| 260 |
_aBenin _bAmbik Press _c2013 |
||
| 264 |
_aBenin _bAmbik Press _c2013 |
||
| 300 | _bvii, 146 pg., 30 cm | ||
| 336 | _2rdacontent | ||
| 338 | _2rdacarrier | ||
| 942 |
_2lcc _cSERIAL |
||
| 999 |
_c43980 _d43980 |
||